[Event "Tanta zt"]
[Site "Tanta"]
[Date "1998.11.17"]
[Round "2"]
[White "Adu, Oladapo"]
[Black "Elgabry, Mohsen"]
[Result "1-0"]
[WhiteElo "2230"]
[BlackElo "2290"]
[EventDate "1998.11.??"]
[PlyCount "137"]

1.e4 c5 2.Nf3 d6 3.d4 cxd4 4.Nxd4 Nf6 5.Nc3 a6 6.Bg5 e6 7.f4 Qc7 8.Bxf6 
gxf6 9.Qd2 Nc6 10.O-O-O Bd7 11.Be2 O-O-O 12.Nxc6 Bxc6 13.Bf3 Bh6 14.Kb1 
Kb8 15.Rhf1 Qb6 16.g3 Rd7 17.Qf2 Qxf2 18.Rxf2 Kc7 19.Ne2 Re7 20.Nd4 Bd7 
21.Rfd2 Rd8 22.Bg4 Bc8 23.Rd3 Bf8 24.b3 Bd7 25.c4 Bc6 26.Bf3 Be8 27.Kc2 
Kc8 28.a4 Rc7 29.Kd2 Rc5 30.Rc1 a5 31.Rd1 Kc7 32.Ke3 Bd7 33.h3 Be7 34.R3d2
Rg8 35.Nc2 Bc6 36.Ne1 f5 37.Nd3 fxe4 38.Nxc5 exf3 39.Nd3 d5 40.Ne5 Bb4 41.
Rc2 Bc5+ 42.Kxf3 d4+ 43.Nxc6 bxc6 44.g4 Kd6 45.Re2 f6 46.h4 h6 47.Rg2 e5 
48.Ke4 Ke6 49.fxe5 fxe5 50.Rf1 Be7 51.Rf5 Bf6 52.g5 hxg5 53.hxg5 Bg7 54.
Rgf2 Rb8 55.R2f3 Rd8 56.Rf7 Rg8 57.Rf1 Kd6 58.Ra7 Bh8 59.Rh1 Kc5 60.Rxa5+ 
Kb4 61.Ra7 Rf8 62.Rb7+ Kc3 63.Rh3+ Kc2 64.Rf3 Rd8 65.Rf2+ Kc3 66.Rff7 Rg8 
67.Rf3+ Kc2 68.Rh7 Rd8 69.Rh2+ 1-0

[Event "Tanta zt"]
[Site "Tanta"]
[Date "1998.11.17"]
[Round "2"]
[White "Aikhoje, Odion"]
[Black "El Gindy, Essam"]
[Result "1-0"]
[WhiteElo "2285"]
[BlackElo "2455"]
[EventDate "1998.11.??"]
[PlyCount "120"]

1.Nf3 Nf6 2.d4 g6 3.Bg5 Bg7 4.e3 O-O 5.Nbd2 c5 6.c3 b6 7.Bd3 Ba6 8.Bxa6 
Nxa6 9.Qe2 Nc7 10.O-O Ne6 11.Bh4 d5 12.a4 a6 13.Ne5 Qc8 14.b4 Re8 15.f4 
cxd4 16.cxd4 Qc3 17.b5 axb5 18.Rfc1 Qb4 19.Nc6 Qd6 20.Qxb5 Rec8 21.Nf3 Bf8
22.Be1 Nd8 23.Bb4 Qe6 24.Nce5 Rxc1+ 25.Rxc1 Rc8 26.Re1 h6 27.Rb1 Nc6 28.
Be1 Ne4 29.Nxc6 Rxc6 30.Ne5 Rc2 31.Qd7 Qxd7 32.Nxd7 Ra2 33.Rxb6 Bg7 34.a5 
Re2 35.Kf1 Rxe3 36.Rb8+ Kh7 37.Nf8+ Bxf8 38.Rxf8 Nd6 39.Bb4 Kg7 40.a6 Nb5 
41.Rb8 Na7 42.Bc5 Re6 43.Bxa7 Rxa6 44.Bc5 e6 45.Kf2 Kf6 46.Kf3 Ra1 47.Bd6 
Rf1+ 48.Ke2 Rh1 49.g4 Rxh2+ 50.Kf3 h5 51.Be5+ Ke7 52.Rb7+ Ke8 53.g5 Rh3+ 
54.Kg2 Rc3 55.Rb8+ Kd7 56.Rf8 Ke7 57.Rh8 Kd7 58.Rf8 Ke7 59.Ra8 Kd7 60.Ra7+
Ke8 1-0

[Event "Tanta zt"]
[Site "Tanta"]
[Date "1998.11.18"]
[Round "3"]
[White "Aikhoje, Odion"]
[Black "Mohsen, Khaled"]
[Result "1-0"]
[WhiteElo "2285"]
[BlackElo "2330"]
[EventDate "1998.11.??"]
[PlyCount "89"]

1.Nf3 Nf6 2.d4 g6 3.Bg5 Bg7 4.e3 O-O 5.Nbd2 d6 6.Bd3 Nbd7 7.Qe2 e5 8.c3 
Qe7 9.Bc4 b6 10.O-O h6 11.Bh4 Bb7 12.Ba6 Bxa6 13.Qxa6 g5 14.Bg3 Nh5 15.e4 
Bf6 16.Qd3 Nf4 17.Bxf4 gxf4 18.g3 Kh8 19.a4 Qe6 20.a5 Rg8 21.axb6 Qh3 22.
Rxa7 Rae8 23.Qe2 cxb6 24.Kh1 exd4 25.cxd4 fxg3 26.fxg3 Rxg3 27.Ng1 Rxg1+ 
28.Rxg1 Bxd4 29.Rg3 Qe6 30.Qc4 Qxc4 31.Nxc4 b5 32.Nxd6 Bxa7 33.Nxe8 b4 34.
Rf3 Ne5 35.Rf5 Bd4 36.b3 Bc3 37.Nc7 Nc6 38.Nd5 Nd4 39.Rxf7 Nxb3 40.Nf6 
Bxf6 41.Rxf6 Nc5 42.Rxh6+ Kg7 43.Rb6 Nxe4 44.Rxb4 Nf6 45.Kg2 1-0

[Event "Tanta zt"]
[Site "Tanta"]
[Date "1998.11.18"]
[Round "3"]
[White "Ghonimy, Soltan"]
[Black "Elgabry, Mohsen"]
[Result "0-1"]
[WhiteElo "2270"]
[BlackElo "2290"]
[EventDate "1998.11.??"]
[PlyCount "116"]

1.d4 Nf6 2.Nf3 g6 3.Nc3 Bg7 4.e4 d6 5.h3 O-O 6.Be3 c6 7.a4 Nbd7 8.Be2 e5 
9.O-O Qe7 10.d5 c5 11.Qd2 Ne8 12.Bh6 f5 13.Bxg7 Nxg7 14.a5 f4 15.a6 b6 16.
Bb5 Rf7 17.Bc6 Rb8 18.Nb5 Nf8 19.b4 g5 20.bxc5 bxc5 21.Ra3 h5 22.Nh2 g4 
23.h4 Rxb5 24.Bxb5 Qxh4 25.Rb1 g3 26.Nf3 Qg4 27.Kf1 h4 28.Ng1 h3 29.gxh3 
Qh5 30.f3 Bxh3+ 31.Nxh3 Qxh3+ 32.Qg2 Qc8 33.Ke2 Ne8 34.Rh1 Nc7 35.Bc6 Nxa6
36.Qh3 Qxh3 37.Rxh3 Nb4 38.Ba4 Rg7 39.Kf1 Ng6 40.Kg2 Rb7 41.Rh1 Kg7 42.Rb3
Rb6 43.c3 Nc2 44.Rxb6 Ne3+ 45.Kh3 axb6 46.Bb5 Kh6 47.Rb1 Nf8 48.Kh4 c4 49.
Be8 g2 50.Rg1 Nh7 51.Bh5 Ng5 52.Bg4 b5 53.Bh5 b4 54.cxb4 c3 55.b5 c2 56.b6
Nf1 57.Rxg2 c1=Q 58.Rxg5 Qe3 0-1

[Event "Tanta zt"]
[Site "Tanta"]
[Date "1998.11.18"]
[Round "3"]
[White "Tahan, Sabri"]
[Black "Adu, Oladapo"]
[Result "0-1"]
[WhiteElo "2225"]
[BlackElo "2230"]
[EventDate "1998.11.??"]
[PlyCount "100"]

1.d4 Nf6 2.Nf3 e6 3.Bf4 c5 4.c3 b6 5.e3 Bb7 6.Nbd2 Be7 7.h3 O-O 8.Bd3 d5 
9.Ne5 Ne4 10.Nxe4 dxe4 11.Bc2 f6 12.Nc4 b5 13.Nd2 cxd4 14.cxd4 f5 15.g4 
Nd7 16.Bb3 Qb6 17.gxf5 Rxf5 18.Qg4 Kh8 19.Rg1 g6 20.Rc1 Nf6 21.Qg3 Bd5 22.
Be5 Rf8 23.Rg2 Qd8 24.Bd1 Kg8 25.Bg4 Nxg4 26.hxg4 Bh4 27.Qh3 Rxf2 28.Rxf2 
Bxf2+ 29.Ke2 Bh4 30.Rc7 Rf2+ 31.Kd1 Rf7 32.Rxf7 Kxf7 33.Qf1+ Kg8 34.Qxb5 
h5 35.gxh5 gxh5 36.Qe2 Qg5 37.Kc2 Kh7 38.Qa6 Qe7 39.Bb8 Bg5 40.Nf1 h4 41.
b3 Qf8 42.Be5 Qf2+ 43.Kc3 Kg6 44.Qb5 Kh5 45.Kb4 Kg4 46.Nh2+ Kh3 47.Qe8 
Qxa2 48.Qf8 Qxb3+ 49.Ka5 Bc4 50.Qf3+ exf3 0-1

[Event "Tanta zt"]
[Site "Tanta"]
[Date "1998.11.19"]
[Round "4"]
[White "Elgabry, Mohsen"]
[Black "El Gindy, Essam"]
[Result "0-1"]
[WhiteElo "2290"]
[BlackElo "2455"]
[EventDate "1998.11.??"]
[PlyCount "100"]

1.e4 c5 2.Nf3 d6 3.d4 cxd4 4.Nxd4 Nf6 5.Nc3 Nc6 6.Bc4 e5 7.Nde2 Be6 8.Bb3 
Be7 9.Bg5 O-O 10.Qd2 Na5 11.O-O-O Nxb3+ 12.axb3 Qa5 13.Kb1 Rfd8 14.Nd5 
Qxd2 15.Nxe7+ Kf8 16.Rxd2 Kxe7 17.Rhd1 h6 18.Bxf6+ gxf6 19.Nc3 a6 20.f4 
exf4 21.Rf1 Rg8 22.Rxf4 Rg5 23.h4 Rh5 24.Nd5+ Bxd5 25.exd5 Rg8 26.Re2+ Re5
27.Ref2 Rg6 28.c4 h5 29.Ka2 b6 30.Ka3 Re3 31.R2f3 Re1 32.b4 Rxg2 33.Rxf6 
Re3+ 34.Rxe3+ Kxf6 35.Re8 Rg4 36.b3 Rxh4 37.Rb8 Rh1 38.Rxb6 h4 39.Rxd6+ 
Kg7 40.b5 axb5 41.cxb5 h3 42.b6 Ra1+ 43.Kb4 h2 44.b7 h1=Q 45.b8=Q Qe4+ 46.
Kb5 Qd3+ 47.Kc6 Rc1+ 48.Kd7 Qh3+ 49.Ke7 Re1+ 50.Kd8 Qh8+ 0-1

[Event "Tanta zt"]
[Site "Tanta"]
[Date "1998.11.21"]
[Round "5"]
[White "El Gindy, Essam"]
[Black "Adu, Oladapo"]
[Result "1-0"]
[WhiteElo "2455"]
[BlackElo "2230"]
[EventDate "1998.11.??"]
[PlyCount "126"]

1.d4 Nf6 2.c4 d6 3.Nc3 Nbd7 4.Nf3 e5 5.Bg5 c6 6.e3 Be7 7.Qc2 Qc7 8.Bd3 a6 
9.O-O O-O 10.Bxh7+ Nxh7 11.Bxe7 Re8 12.Bh4 Nb6 13.c5 dxc5 14.dxc5 Nd5 15.
Bg3 Bg4 16.Nd2 Qe7 17.h3 Bd7 18.Nce4 f5 19.Nd6 f4 20.exf4 exf4 21.Bh2 Rf8 
22.Rfe1 Qf6 23.Nf3 Ng5 24.Ne5 Bf5 25.Nxf5 Qxf5 26.Qxf5 Rxf5 27.h4 Nh7 28.
a3 a5 29.Rac1 g5 30.hxg5 Nxg5 31.Nc4 Rf6 32.Nd6 b5 33.f3 Rh6 34.Nf5 Re6 
35.Kf2 Kf7 36.Nd6+ Kg6 37.Ne4 Rh8 38.Nxg5 Rxe1 39.Rxe1 Kxg5 40.Kg1 Kf5 41.
Re4 b4 42.a4 Rh7 43.g4+ fxg3 44.Bxg3 Re7 45.Rxe7 Nxe7 46.Bc7 Nd5 47.Bxa5 
Nc3 48.Bxb4 Nxa4 49.Ba3 Ke5 50.Kg2 Kd5 51.f4 Nxc5 52.Bxc5 Kxc5 53.Kf3 Kd5 
54.f5 c5 55.f6 Ke6 56.Ke4 c4 57.Kd4 c3 58.bxc3 Kxf6 59.Kc5 Ke7 60.Kc6 Kd8 
61.c4 Kc8 62.c5 Kb8 63.Kd7 Kb7 1-0

[Event "Tanta zt"]
[Site "Tanta"]
[Date "1998.11.21"]
[Round "5"]
[White "Ghonimy, Soltan"]
[Black "Tahan, Sabri"]
[Result "0-1"]
[WhiteElo "2270"]
[BlackElo "2225"]
[EventDate "1998.11.??"]
[PlyCount "52"]

1.d4 c6 2.c4 d5 3.cxd5 cxd5 4.Nc3 Nc6 5.e4 Nf6 6.e5 Ne4 7.Bd3 Nxd4 8.Bxe4 
dxe4 9.Be3 Nc6 10.Qa4 Bf5 11.Rd1 Qb8 12.Nge2 g6 13.Bf4 Bg7 14.e6 Be5 15.
exf7+ Kxf7 16.Bh6 Qc8 17.Nxe4 Bxe4 18.Qxe4 Qe6 19.O-O Rhd8 20.Nf4 Qxa2 21.
Nd5 Qxb2 22.Rfe1 Kg8 23.Qg4 Kh8 24.Qe6 Bg7 25.Bxg7+ Kxg7 26.Re2 Qb3 0-1

[Event "Tanta zt"]
[Site "Tanta"]
[Date "1998.11.22"]
[Round "6"]
[White "Aikhoje, Odion"]
[Black "Elgabry, Mohsen"]
[Result "1/2-1/2"]
[WhiteElo "2285"]
[BlackElo "2290"]
[EventDate "1998.11.??"]
[PlyCount "175"]

1.e4 c5 2.c3 d5 3.exd5 Qxd5 4.Na3 Nf6 5.Nf3 Nc6 6.Be2 e6 7.d3 Be7 8.Nb5 
Qd8 9.a4 a6 10.Na3 b6 11.Nc4 Nd5 12.O-O O-O 13.d4 cxd4 14.Nxd4 Bb7 15.Bf3 
Bf6 16.Nxc6 Bxc6 17.a5 b5 18.Nb6 Rb8 19.Qb3 Nxb6 20.Bxc6 Nc4 21.Be4 Qc7 
22.g3 Rfd8 23.Qc2 h6 24.h4 Rd6 25.b3 Nxa5 26.Bf4 e5 27.Be3 Nb7 28.c4 bxc4 
29.Qxc4 Qxc4 30.bxc4 Nd8 31.c5 Rd7 32.Rxa6 Rc7 33.c6 Rbc8 34.Bb6 Rxc6 35.
Bxc6 Rxc6 36.Rb1 Ne6 37.h5 e4 38.Ra8+ Kh7 39.Be3 Bg5 40.Rbb8 g6 41.Bxg5 
Nxg5 42.Rh8+ Kg7 43.Rag8+ Kf6 44.hxg6 Nf3+ 45.Kg2 fxg6 46.Rxh6 Kg5 47.Rh2 
Re6 48.Rd8 Kg4 49.Rhh8 Rc6 50.Rde8 Rc4 51.Re6 g5 52.Ra8 Rb4 53.Rea6 Rb7 
54.Ra4 Re7 55.Kf1 Nh2+ 56.Ke2 Kh3 57.R8a5 Kg2 58.Rxg5 Rf7 59.Rxe4 Rxf2+ 
60.Kd3 Nf1 61.Re2 Nxg3 62.Re3 Rf3 63.Rg8 Kf2 64.Rxf3+ Kxf3 65.Rf8+ Kg4 66.
Ke3 Nf5+ 67.Ke4 Ng3+ 68.Ke5 Nh5 69.Ra8 Ng3 70.Ra4+ Kf3 71.Rb4 Ne2 72.Rb3+ 
Kg4 73.Rb4+ Kf3 74.Re4 Ng3 75.Rf4+ Ke3 76.Ra4 Kf3 77.Kf6 Ne4+ 78.Kf5 Ng3+ 
79.Ke5 Ne2 80.Ra3+ Kg4 81.Rb3 Ng3 82.Re3 Nh5 83.Re4+ Kf3 84.Rb4 Ng3 85.
Rb3+ Kg4 86.Re3 Nh5 87.Rb3 Ng3 88.Rb4+ 1/2-1/2

[Event "Tanta zt"]
[Site "Tanta"]
[Date "1998.11.22"]
[Round "6"]
[White "Mohsen, Khaled"]
[Black "Adu, Oladapo"]
[Result "1-0"]
[WhiteElo "2330"]
[BlackElo "2230"]
[EventDate "1998.11.??"]
[PlyCount "132"]

1.d4 Nf6 2.c4 d6 3.Nc3 Nbd7 4.Nf3 e5 5.g3 c6 6.Bg2 Be7 7.O-O O-O 8.Qc2 Qc7
9.b3 Re8 10.Bb2 a6 11.Rad1 Rb8 12.c5 exd4 13.cxd6 Bxd6 14.Rxd4 Ne5 15.Ng5 
Ng6 16.Rfd1 Be5 17.R4d2 Qe7 18.Nf3 Bc7 19.Qc1 Qc5 20.Nd5 Qxc1 21.Nxf6+ 
gxf6 22.Bxc1 c5 23.Ba3 b6 24.Bb2 Kg7 25.Ng5 Be5 26.Ne4 Bxb2 27.Rxb2 Be6 
28.Nd6 Re7 29.f4 Bc8 30.Kf2 Kf8 31.Ne4 Kg7 32.Rbd2 Bb7 33.Nd6 Bc8 34.Rd5 
Nf8 35.g4 Ng6 36.e3 Bxg4 37.Rg1 Be6 38.Rd2 f5 39.Bh3 Kf6 40.Rg5 Rd7 41.
Bxf5 Rbd8 42.Ne4+ Ke7 43.Rxd7+ Rxd7 44.Bxe6 fxe6 45.Rh5 Nf8 46.Ke2 Rd5 47.
Rh3 b5 48.Nc3 Rd7 49.Rh5 Rc7 50.Ne4 c4 51.b4 Rd7 52.a4 Rd5 53.Rxd5 exd5 
54.Nc3 Kd6 55.axb5 axb5 56.Nxb5+ Kc6 57.Nd4+ Kd6 58.Kf3 Nd7 59.Kg4 Nf6+ 
60.Kg5 Ke7 61.Kf5 Nd7 62.Nb5 Nf6 63.Nc3 h5 64.h3 Kf7 65.Ke5 Ng4+ 66.hxg4 
h4 1-0

[Event "Tanta zt"]
[Site "Tanta"]
[Date "1998.11.24"]
[Round "8"]
[White "Aikhoje, Odion"]
[Black "Tahan, Sabri"]
[Result "1-0"]
[WhiteElo "2285"]
[BlackElo "2225"]
[EventDate "1998.11.??"]
[PlyCount "71"]

1.Nf3 Nf6 2.d4 d5 3.Bg5 Bf5 4.c4 c6 5.Qb3 Qb6 6.Bxf6 gxf6 7.Qxb6 axb6 8.
cxd5 Bxb1 9.Rxb1 Rxa2 10.dxc6 Nxc6 11.d5 Nb4 12.e4 Bh6 13.Bb5+ Kd8 14.O-O 
Ra5 15.Nd4 Bf4 16.Rfd1 Be5 17.Be2 Ra2 18.Bh5 Rf8 19.g3 Na6 20.f4 Bd6 21.
Nf3 Ra4 22.e5 fxe5 23.fxe5 Bc5+ 24.Kg2 f6 25.e6 Rg8 26.Kh3 Nc7 27.Ra1 Ra5 
28.Rxa5 bxa5 29.Bf7 Rf8 30.Nd4 Ne8 31.Bxe8 Rxe8 32.Nb5 b6 33.Rc1 Rg8 34.b4
Bxb4 35.Rc6 Rg5 36.Na7 1-0

[Event "Tanta zt"]
[Site "Tanta"]
[Date "1998.11.24"]
[Round "8"]
[White "El Gindy, Essam"]
[Black "Ghonimy, Soltan"]
[Result "1-0"]
[WhiteElo "2455"]
[BlackElo "2270"]
[EventDate "1998.11.??"]
[PlyCount "56"]

1.d4 d5 2.c4 c6 3.e3 Nf6 4.Nc3 a6 5.Nf3 b5 6.b3 g6 7.Be2 Bg7 8.O-O O-O 9.
cxd5 cxd5 10.Bb2 Bb7 11.Rc1 Nbd7 12.Ne5 Nxe5 13.dxe5 Ne4 14.f3 b4 15.Na4 
Ng5 16.Nc5 Rb8 17.f4 Ne6 18.Nxe6 fxe6 19.Bg4 Qd7 20.Qf3 a5 21.Qh3 Rf5 22.
Bd4 Ba6 23.Rfd1 Rbf8 24.Rc5 Qd8 25.Rc6 Bc8 26.Rdc1 Qd7 27.Bxf5 gxf5 28.Rc7
Qe8 1-0

[Event "Tanta zt"]
[Site "Tanta"]
[Date "1998.11.24"]
[Round "8"]
[White "Elgabry, Mohsen"]
[Black "Mohsen, Khaled"]
[Result "1-0"]
[WhiteElo "2290"]
[BlackElo "2330"]
[EventDate "1998.11.??"]
[PlyCount "83"]

1.e4 e5 2.Nf3 Nc6 3.Bb5 g6 4.O-O Bg7 5.Re1 Nge7 6.Nc3 O-O 7.a4 d6 8.h3 h6 
9.Bc4 Kh7 10.d3 f5 11.Nh2 f4 12.Kh1 g5 13.f3 h5 14.Ne2 Ng8 15.Rg1 Bh6 16.
g4 fxg3 17.Nxg3 Nf6 18.h4 gxh4 19.Bxh6 Kxh6 20.Nf5+ Bxf5 21.Qd2+ Kh7 22.
Qg5 Qd7 23.exf5 d5 24.Bxd5 Nd4 25.Be4 Ne2 26.Qxh4 Nxg1 27.Rxg1 Rg8 28.Qxf6
Rxg1+ 29.Kxg1 Qg7+ 30.Qg6+ Qxg6+ 31.fxg6+ Kh6 32.Kg2 c6 33.Nf1 Kg5 34.Ne3 
Kf4 35.Nc4 Rd8 36.a5 a6 37.Kh3 Rd7 38.Kh4 Rd8 39.c3 Rb8 40.b3 Rd8 41.b4 
Rb8 42.Nd6 1-0

[Event "Tanta zt"]
[Site "Tanta"]
[Date "1998.11.25"]
[Round "9"]
[White "Ghonimy, Soltan"]
[Black "Aikhoje, Odion"]
[Result "1/2-1/2"]
[WhiteElo "2270"]
[BlackElo "2285"]
[EventDate "1998.11.??"]
[PlyCount "71"]

1.d4 Nf6 2.Nf3 d5 3.c4 c6 4.cxd5 cxd5 5.Nc3 Nc6 6.Bg5 Ne4 7.Bf4 e6 8.e3 
Qb6 9.Qc2 Bd7 10.a3 Qa5 11.Be2 Bb4 12.O-O Bxc3 13.bxc3 Qxc3 14.Qb1 b6 15.
Bd3 f5 16.Bxe4 fxe4 17.Ne5 Nxe5 18.Bxe5 O-O 19.Rc1 Qd3 20.Rc7 Rf7 21.Qb2 
Raf8 22.Bg3 Ba4 23.Rxf7 Rxf7 24.Rc1 h6 25.h3 Bb5 26.Rc8+ Kh7 27.Kh2 Bc4 
28.Qb4 Qf1 29.Rf8 Rd7 30.Re8 Rf7 31.Rf8 Rd7 32.Bf4 Be2 33.Bg3 Rc7 34.Bxc7 
Bf3 35.gxf3 Qxf2+ 36.Kh1 1/2-1/2

[Event "Donetzk zt"]
[Site "Donetsk"]
[Date "1998.11.02"]
[Round "1"]
[White "Berelowitsch, Alexander"]
[Black "Baklan, Vladimir"]
[Result "1-0"]
[WhiteElo "2495"]
[BlackElo "2585"]
[EventDate "1998.11.02"]
[PlyCount "95"]

1.d4 Nf6 2.Nf3 e6 3.Bg5 c5 4.e3 h6 5.Bh4 b6 6.Bd3 Bb7 7.Nbd2 Be7 8.O-O O-O
9.c3 Nc6 10.Qe2 cxd4 11.exd4 Nh5 12.Bg3 f5 13.Nc4 Qe8 14.Nfe5 Nb8 15.Rae1 
Rf6 16.Bc2 d6 17.Nd3 Qg6 18.Bd1 Be4 19.Nd2 Nxg3 20.fxg3 d5 21.Nxe4 dxe4 
22.Nf4 Qe8 23.Bb3 Bd6 24.Nxe6 Kh8 25.g4 Rxe6 26.Bxe6 Qxe6 27.gxf5 Qd7 28.
Qxe4 Nc6 29.f6 Rf8 30.fxg7+ Kxg7 31.Rxf8 Bxf8 32.Qe6 Qxe6 33.Rxe6 Na5 34.
Kf2 Kf7 35.Re2 b5 36.Kf3 b4 37.Ke4 Ke6 38.Kd3+ Kd7 39.c4 Bg7 40.b3 Nc6 41.
Re4 Ne7 42.c5 Nd5 43.Kc4 Nc3 44.Rg4 Bf6 45.d5 Nd1 46.Re4 Nb2+ 47.Kxb4 Nd3+
48.Kc4 1-0

[Event "Donetzk zt"]
[Site "Donetsk"]
[Date "1998.11.02"]
[Round "1"]
[White "Komarov, Dimitri"]
[Black "Moroz, Alexander"]
[Result "1/2-1/2"]
[WhiteElo "2570"]
[BlackElo "2490"]
[EventDate "1998.11.02"]
[PlyCount "65"]

1.d4 f5 2.c4 e6 3.Nf3 Nf6 4.Nc3 Bb4 5.Qb3 a5 6.g3 b6 7.Bg2 Bb7 8.O-O O-O 
9.Rd1 Ne4 10.Nxe4 Bxe4 11.Bf4 Be7 12.d5 Na6 13.d6 cxd6 14.Bxd6 Nc5 15.Qe3 
Rc8 16.b3 Rc6 17.Bxe7 Qxe7 18.Nd4 Bxg2 19.Kxg2 Rcc8 20.Nb5 Rc6 21.Qe5 Qf6 
22.Qxf6 Rxf6 23.Rd4 Kf8 24.Rad1 Ke7 25.f4 Rf8 26.Nd6 Rb8 27.Kf3 Nb7 28.Nb5
Nc5 29.g4 fxg4+ 30.Kxg4 Rf8 31.Rd6 Rxd6 32.Nxd6 Na6 33.Ne4 1/2-1/2

[Event "Donetzk zt"]
[Site "Donetsk"]
[Date "1998.11.02"]
[Round "1"]
[White "Kopylov, Michael"]
[Black "Brodsky, Michail"]
[Result "1/2-1/2"]
[WhiteElo "2385"]
[BlackElo "2525"]
[EventDate "1998.11.02"]
[PlyCount "29"]

1.d4 Nf6 2.c4 e6 3.g3 d5 4.Bg2 dxc4 5.Nf3 Nc6 6.Qa4 Bb4+ 7.Bd2 Nd5 8.Bxb4 
Nxb4 9.O-O Rb8 10.Nc3 Bd7 11.Qb5 Nc2 12.Rac1 N2xd4 13.Nxd4 Nxd4 14.Qxc4 
Nc6 15.Rfd1 1/2-1/2

[Event "Donetzk zt"]
[Site "Donetsk"]
[Date "1998.11.02"]
[Round "1"]
[White "Kuzmin, Gennadi P"]
[Black "Berezin, Oleg"]
[Result "1/2-1/2"]
[WhiteElo "2560"]
[BlackElo "2455"]
[EventDate "1998.11.02"]
[PlyCount "109"]

1.e4 c5 2.Nf3 d6 3.d4 cxd4 4.Nxd4 Nf6 5.Nc3 a6 6.Be2 e5 7.Nb3 Be7 8.O-O 
O-O 9.Kh1 b6 10.Bf3 Nbd7 11.a4 Bb7 12.g4 h6 13.g5 hxg5 14.Bxg5 Nh7 15.Be3 
Re8 16.Rg1 Bg5 17.Qd2 Bxe3 18.Qxe3 Re6 19.Rg3 Ndf8 20.Rag1 Rg6 21.Nd2 Rc8 
22.Bg4 Rb8 23.Be2 Nf6 24.f3 Rxg3 25.hxg3 d5 26.exd5 Nxd5 27.Nxd5 Qxd5 28.
Kg2 b5 29.axb5 axb5 30.Bd3 Ne6 31.Re1 Nc5 32.Bxb5 Rd8 33.Re2 e4 34.f4 Qh5 
35.Kg1 Ne6 36.Bc4 Nd4 37.c3 Nxe2+ 38.Bxe2 Qd5 39.Nf1 Qd6 40.b4 Rc8 41.Kf2 
Ra8 42.b5 Ra2 43.Qd4 Qxd4+ 44.cxd4 Bc8 45.Ke3 Bd7 46.Bc4 Rb2 47.Kxe4 Bxb5 
48.Bxb5 Rxb5 49.Ne3 Kf8 50.g4 g6 51.g5 Ke7 52.Nc4 Rb1 53.Ne5 Ra1 54.Kd5 
Rf1 55.Ke4 1/2-1/2

[Event "Donetzk zt"]
[Site "Donetsk"]
[Date "1998.11.02"]
[Round "1"]
[White "Milov, Leonid"]
[Black "Lerner, Konstantin Z"]
[Result "1/2-1/2"]
[WhiteElo "2490"]
[BlackElo "2580"]
[EventDate "1998.11.02"]
[PlyCount "113"]

1.Nf3 c5 2.g3 Nc6 3.c4 g6 4.Bg2 Bg7 5.Nc3 d6 6.O-O Nf6 7.d4 cxd4 8.Nxd4 
Bd7 9.b3 h5 10.Bb2 h4 11.Nd5 hxg3 12.hxg3 Ne5 13.Nf3 Nxd5 14.Nxe5 Nc7 15.
Nd3 Bxb2 16.Nxb2 Bc6 17.Bxc6+ bxc6 18.Kg2 Qd7 19.Rh1 Rxh1 20.Qxh1 Qf5 21.
Nd3 Qe4+ 22.Kg1 Qxh1+ 23.Kxh1 c5 24.Kg2 a5 25.Rh1 Kd7 26.Nb2 e6 27.Na4 Ke7
28.f4 Na6 29.Nc3 Nb4 30.Kf3 Rd8 31.Rc1 Nc6 32.e3 Rh8 33.Kg2 Nb4 34.a3 Nc6 
35.Rd1 a4 36.Nxa4 Rb8 37.Rb1 Na5 38.Nc3 Rxb3 39.Rxb3 Nxb3 40.Nd1 Na5 41.
Nb2 d5 42.cxd5 exd5 43.g4 Kd6 44.Kf3 f6 45.Ke2 g5 46.Kd3 Nc6 47.Kc3 Ne7 
48.Nd3 Ng6 49.fxg5 fxg5 50.a4 Kc6 51.a5 Nf8 52.a6 Ne6 53.a7 Kb7 54.Nxc5+ 
Nxc5 55.Kd4 Ne4 56.Kxd5 Nf2 57.Ke5 1/2-1/2

[Event "Donetzk zt"]
[Site "Donetsk"]
[Date "1998.11.02"]
[Round "1"]
[White "Miroshnichenko, Evgenij"]
[Black "Kruppa, Yuri"]
[Result "1/2-1/2"]
[WhiteElo "2440"]
[BlackElo "2570"]
[EventDate "1998.11.02"]
[PlyCount "58"]

1.e4 e6 2.d3 d5 3.Nd2 Nf6 4.Ngf3 b6 5.c3 Be7 6.Qa4+ c6 7.Be2 O-O 8.O-O Qc7
9.Re1 Nbd7 10.Qc2 c5 11.Nf1 Bb7 12.Ng3 Bd6 13.Bf1 c4 14.exd5 cxd3 15.Bxd3 
Bxd5 16.Nd4 a6 17.c4 Bb7 18.b3 Rac8 19.Bb2 Rfe8 20.Qe2 Ne5 21.Rad1 Nxd3 
22.Rxd3 Rcd8 23.Nf3 Be7 24.Rxd8 Rxd8 25.Ne5 Qd6 26.Bc3 b5 27.Ba5 Rc8 28.
Rd1 Qa3 29.Bc3 Rd8 1/2-1/2

[Event "Donetzk zt"]
[Site "Donetsk"]
[Date "1998.11.02"]
[Round "1"]
[White "Nosenko, Alexander"]
[Black "Shneider, Aleksandr"]
[Result "1/2-1/2"]
[WhiteElo "2425"]
[BlackElo "2540"]
[EventDate "1998.11.02"]
[PlyCount "120"]

1.d4 Nf6 2.Nf3 e6 3.c4 b6 4.Nc3 Bb4 5.Qc2 Bb7 6.a3 Bxc3+ 7.Qxc3 d6 8.b4 
Nbd7 9.Bb2 a5 10.e3 Ne4 11.Qb3 axb4 12.axb4 Rxa1+ 13.Bxa1 O-O 14.Be2 f5 
15.Bb2 Ndf6 16.O-O Qe7 17.Qc2 Ra8 18.Ne1 Ng4 19.h3 Ngf6 20.Nd3 Qe8 21.Kh2 
Ng5 22.f3 Nf7 23.Re1 e5 24.dxe5 dxe5 25.Nf2 Qe6 26.c5 Bd5 27.e4 fxe4 28.
fxe4 Bb3 29.Qc3 h5 30.cxb6 cxb6 31.Bf3 Ra2 32.Ra1 Rxa1 33.Bxa1 Bc4 34.Nd1 
b5 35.Ne3 Qa6 36.Bb2 g6 37.Nxc4 bxc4 38.Be2 Nxe4 39.Qxc4 Qxc4 40.Bxc4 Nd6 
41.Bd5 Kf8 42.Kg3 Ke7 43.Kf3 Ng5+ 44.Ke2 Kf6 45.Bc6 Ne6 46.Kd3 Nf4+ 47.Kc2
Ke6 48.b5 Nd5 49.Ba3 Nc4 50.Bc5 e4 51.g3 g5 52.Kd1 Ke5 53.Ke1 h4 54.gxh4 
gxh4 55.Ba7 e3 56.Bxd5 Kxd5 57.Ke2 Nd6 58.b6 Kc6 59.Kxe3 Nc4+ 60.Kf4 Nxb6 
1/2-1/2

[Event "Donetzk zt"]
[Site "Donetsk"]
[Date "1998.11.02"]
[Round "1"]
[White "Zontakh, Andrey"]
[Black "Sulypa, Alexandre"]
[Result "1/2-1/2"]
[WhiteElo "2540"]
[BlackElo "2415"]
[EventDate "1998.11.02"]
[PlyCount "41"]

1.d4 Nf6 2.Nf3 g6 3.c4 Bg7 4.Nc3 d5 5.Bg5 Ne4 6.cxd5 Nxg5 7.Nxg5 e6 8.Qd2 
exd5 9.Qe3+ Kf8 10.Qf4 Bf6 11.h4 Kg7 12.O-O-O h6 13.Nf3 Be6 14.e3 Nd7 15.
g4 c6 16.Bd3 Qb8 17.Rdg1 Bd8 18.Qxb8 Rxb8 19.Ne2 Bc7 20.Nf4 Rbe8 21.Nd2 
1/2-1/2

[Event "Donetzk zt"]
[Site "Donetsk"]
[Date "1998.11.03"]
[Round "2"]
[White "Baklan, Vladimir"]
[Black "Kopylov, Michael"]
[Result "1-0"]
[WhiteElo "2585"]
[BlackElo "2385"]
[EventDate "1998.11.02"]
[PlyCount "65"]

1.e4 b6 2.d4 Bb7 3.Bd3 Nf6 4.Qe2 e6 5.Nf3 c5 6.c3 Qc8 7.d5 d6 8.Bb5+ Nbd7 
9.dxe6 fxe6 10.e5 Bxf3 11.Qxf3 dxe5 12.Nd2 Be7 13.Ba6 Qd8 14.Qc6 Kf7 15.
Bc4 Nf8 16.Nf3 Bd6 17.Qb7+ Kg8 18.Ng5 Qe8 19.Nxe6 Nxe6 20.Bxe6+ Kf8 21.Bb3
Rc8 22.Be3 Rc7 23.Qa6 c4 24.Bxc4 Qc6 25.O-O-O Ke7 26.Bb5 Qa8 27.f3 Rhc8 
28.Kb1 Nd5 29.Bg5+ Ke6 30.Ba4 Nf6 31.Qd3 Rd8 32.Bb3+ Ke7 33.Qxh7 1-0

[Event "Donetzk zt"]
[Site "Donetsk"]
[Date "1998.11.03"]
[Round "2"]
[White "Berezin, Oleg"]
[Black "Zontakh, Andrey"]
[Result "1/2-1/2"]
[WhiteElo "2455"]
[BlackElo "2540"]
[EventDate "1998.11.02"]
[PlyCount "36"]

1.d4 d5 2.Nf3 Nf6 3.c4 c6 4.Nc3 dxc4 5.a4 Bf5 6.Ne5 Nbd7 7.Nxc4 Qc7 8.g3 
e5 9.dxe5 Nxe5 10.Bf4 Nfd7 11.Bg2 f6 12.O-O Nc5 13.e4 Bg6 14.Bxe5 fxe5 15.
f4 exf4 16.gxf4 Rd8 17.Qe2 Nb3 18.Rad1 Bc5+ 1/2-1/2

[Event "Donetzk zt"]
[Site "Donetsk"]
[Date "1998.11.03"]
[Round "2"]
[White "Brodsky, Michail"]
[Black "Nosenko, Alexander"]
[Result "1/2-1/2"]
[WhiteElo "2525"]
[BlackElo "2425"]
[EventDate "1998.11.02"]
[PlyCount "100"]

1.e4 e6 2.d3 d5 3.Qe2 Nc6 4.Nf3 Nf6 5.g3 dxe4 6.dxe4 e5 7.Bg2 Bc5 8.Nbd2 
a5 9.Nc4 Qe7 10.Ne3 Be6 11.Qb5 O-O 12.O-O Rad8 13.c3 Bc8 14.Nh4 Bb6 15.
Nhf5 Qd7 16.Qe2 Qd3 17.Qf3 Bxf5 18.Nxf5 Qxf3 19.Bxf3 h6 20.a4 Rd7 21.Ne3 
Rfd8 22.Kg2 Bc5 23.Re1 b6 24.h4 Bxe3 25.Bxe3 Rd6 26.Kf1 Kf8 27.Ke2 Ke7 28.
Red1 Rxd1 29.Rxd1 Rxd1 30.Kxd1 Kd6 31.Kc2 Nd7 32.Bg2 Nc5 33.b3 Nd8 34.f3 
h5 35.Bf1 f6 36.b4 Nce6 37.Bb5 Nc6 38.Kd3 g6 39.Kc4 f5 40.Kd3 f4 41.Bxc6 
Kxc6 42.gxf4 exf4 43.Bd2 g5 44.hxg5 Nxg5 45.Ke2 Ne6 46.Kf2 b5 47.axb5+ 
Kxb5 48.c4+ Kxc4 49.bxa5 Kb5 50.Kg2 c5 1/2-1/2

[Event "Donetzk zt"]
[Site "Donetsk"]
[Date "1998.11.03"]
[Round "2"]
[White "Lerner, Konstantin Z"]
[Black "Moskalenko, Viktor"]
[Result "1/2-1/2"]
[WhiteElo "2580"]
[BlackElo "2500"]
[EventDate "1998.11.02"]
[PlyCount "62"]

1.Nf3 f5 2.g3 Nf6 3.Bg2 g6 4.b3 Bg7 5.Bb2 O-O 6.c4 c5 7.O-O Nc6 8.e3 d6 9.
d4 Ne4 10.Nbd2 Qa5 11.Nxe4 fxe4 12.Ne1 cxd4 13.exd4 d5 14.cxd5 Qxd5 15.Nc2
Bf5 16.Qe2 Nxd4 17.Bxd4 Bxd4 18.Nxd4 Qxd4 19.Rae1 Rad8 20.Bxe4 Bxe4 21.
Qxe4 Qxe4 22.Rxe4 Rd7 23.Rfe1 Rf7 24.R1e2 Kf8 25.Re5 Rf6 26.h4 h5 27.Kg2 
Kf7 28.R5e4 Rf5 29.Rc2 a5 30.b4 axb4 31.Rxb4 b5 1/2-1/2

[Event "Donetzk zt"]
[Site "Donetsk"]
[Date "1998.11.03"]
[Round "2"]
[White "Maksimenko, Andrei"]
[Black "Malakhatko, Vadim"]
[Result "1/2-1/2"]
[WhiteElo "2500"]
[BlackElo "2435"]
[EventDate "1998.11.02"]
[PlyCount "127"]

1.d4 Nf6 2.Nf3 c5 3.d5 b5 4.Bg5 d6 5.e4 Nxe4 6.Bxb5+ Bd7 7.Bd3 Nf6 8.O-O 
g6 9.Bxf6 exf6 10.Qd2 h5 11.Re1+ Be7 12.b4 cxb4 13.Qxb4 Bc8 14.Bb5+ Bd7 
15.Bd3 Bc8 16.Bb5+ Bd7 17.Nd4 O-O 18.Nc3 f5 19.Rad1 Bxb5 20.Ncxb5 a6 21.
Na3 Qc7 22.Nc4 Ra7 23.Na5 Bf6 24.Ndc6 Nxc6 25.Nxc6 Rb7 26.Qc4 Qb6 27.a4 
Ra8 28.h3 Kg7 29.Re3 Qb2 30.Rb3 Qa2 31.Re1 h4 32.Nb4 Qxa4 33.Reb1 a5 34.
Qc6 Qxc6 35.Nxc6 Rxb3 36.cxb3 a4 37.bxa4 Rxa4 38.Kf1 Ra2 39.Rd1 Rc2 40.Rd3
Rc5 41.Ke2 Rc2+ 42.Rd2 Rc4 43.Kf3 g5 44.Ke2 g4 45.Ra2 Re4+ 46.Kd3 Re1 47.
hxg4 Rd1+ 48.Ke2 Rxd5 49.gxf5 Rc5 50.Nb4 Re5+ 51.Kf1 Rxf5 52.Nd3 Kf8 53.
Ra4 Ke7 54.Re4+ Kd7 55.Rf4 Ke6 56.Rxf5 Kxf5 57.f3 Ke6 58.Ke2 Kd5 59.Nf4+ 
Kc4 60.Nd3 d5 61.Nf4 d4 62.Nd3 Kc3 63.Nf2 Kc2 64.Nd3 1/2-1/2